"Nunca es tarde" : serie de apoyo radiofónico a la primaria para adultos.

Guardat en:
Dades bibliogràfiques
Autor corporatiu: Encuentro Nacional sobre la Situación Actual, Experiencias Innovadoras y Prospectivas de la Educación Básica para Adultos en México : Pátzcuaro, Michoacán, México
Altres autors: Acle Tomasini, Marcela (autor) (autor)
Format: Actes de congresos Llibre
Idioma:espanyol
Matèries:
Etiquetes: Afegir etiqueta
Sense etiquetes, Sigues el primer a etiquetar aquest registre!

MARC

LEADER 00000cam^a2200000uu^4500
001 000462209
005 20250521000000.0
008 050901s1986^^^^^^^^^^^^rd^r^^000^0^spa^d
009 20260310124242.013
035 |a FCE 000004717 
035 |a FCE 018220 
037 |a Acervo ITESO - Biblioteca 
041 |a spa 
082 0 4 |a 374  |b PREDe 
111 |a Encuentro Nacional sobre la Situación Actual, Experiencias Innovadoras y Prospectivas de la Educación Básica para Adultos en México :  |c Pátzcuaro, Michoacán, México)  |d (3-5 sep. 1996 : 
245 1 0 |a "Nunca es tarde" :  |b serie de apoyo radiofónico a la primaria para adultos. 
264 |a México :  |b PREDE : CREFAL,  |c 1986. 
300 |a 16 p. 
336 |a texto  |b txt  |2 rdacontenido 
337 |a sin mediación  |b n  |2 rdamedio 
338 |a volumen  |b nc  |2 rdasoporte 
611 2 4 |a Encuentro 
649 |a XX 
650 |a Educación de adultos 
650 |a Medios de comunicación 
650 |a Televisión educativa 
650 |a Radio educativa 
650 |a Medios de enseñanza 
700 |a Acle Tomasini, Marcela  |e (autor) 
910 |a Fondo Centro de Estudios Educativos 
920 |a Impresos - Libros 
930 |a Fondos Especiales 
905 |a 133 
901 |a ALE018220  |b IT2  |c CEE  |u 20250521 
902 |a https://opac.biblio.iteso.mx/vufind/Record/000462209